000 01080nam a2200253Ia 4500
003 OSt
005 20210417204543.0
008 210310s2000 ck gr 000 0 spa d
040 _aCO-JMCR
_cCO-JMCR
041 0 _aspa
082 0 4 _a336.201 /
_bS559c
_223
100 1 _aShome, Parthasarathi,
_914920
_eautor
245 1 0 _aColombia :
_bla política tributaria, 1995-99 y los pasos a seguir /
_cParthasarathi Shome, Erik Haindl y Osvaldo Schenone
260 _aBogotá :
_bFondo Monetario Internacional,
_c2000
300 _b54 páginas ;
_c28 cm.
500 _aIncluye notas a pie de página.
505 0 _aResumen ejecutivo -- Impuesto a la Renta de Personas Naturales -- Impuesto a la Renta de las Personas Jurídicas -- Impuesto al Valor Agregado (IVA)
650 1 4 _aPolítica tributaria
_914922
_xInformes
_y1995-1999
_zColombia
650 2 4 _aPolítica fiscal
_xInformes
_y1995-1999
_zColombia
_936934
650 2 4 _aImpuestos
_xInformes
_y1995-1999
_zColombia
_936935
700 1 _aHaindl, Erik,
_eautor
_936936
700 1 _aSchenone, Osvaldo,
_eautor
_936937
942 _2ddc
_cBK
999 _c7606
_d7606